01368cam a2200337 a 4500001001400000003000800014005001700022006001900039007001500058008004100073020003800114040003000152049002600182050002300208082001700231245008800248260003500336300003600371504005100407520023500458521001700693588004700710650002800757655002900785700002600814710001600840776003500856856010400891942001600995999001901011EDZ0000072220StDuBDS20161031105117.0m||||||||d||||||||cr |||||||||||120412s2007 enk fo| 001|0|eng d a9781446214015 (ebook) :cNo price aStDuBDSbengcStDuBDSepn aAlfaisal Main Library 0aLB2806b.D447 200704a371.201122300aDeveloping sustainable leadershiph[electronic resource] /cedited by Brent Davies. aLondon :bPaul Chapman,c2007. a1 online resource (xvi, 199 p.) aIncludes bibliographical references and index.8 aProviding a complete guide to sustaining and developing leaders and their schools in today's complex educational environment this book's 11 leading authors have an international reputation for their work in leadership development. aSpecialized. aDescription based on print version record. 0aEducational leadership. 7aElectronic books.2local1 aDavies, Brent,d1949-2 aSage eBooks08iPrint version :z978141292396540uhttp://ezproxy.alfaisal.edu/login?url=http://sk.sagepub.com/books/developing-sustainable-leadership 2lcccEBOOKS c479503d479503